[Event "Chester e2e4 op-B"]
[Site "Chester"]
[Date "2013.01.19"]
[Round "2"]
[White "Pink, Joshua"]
[Black "Crockett, Nicholas J"]
[Result "1-0"]
[WhiteElo "1787"]
[BlackElo "1900"]
[PlyCount "97"]
[EventDate "2013.01.18"]
[EventType "swiss"]
[EventRounds "7"]
[EventCountry "ENG"]
[SourceTitle "EXT 2015"]
[Source "ChessBase"]
[SourceDate "2014.11.20"]
[SourceVersion "1"]
[SourceVersionDate "2014.11.20"]
[SourceQuality "1"]

1. e4 d6 2. d4 Nf6 3. Nc3 g6 4. f4 Bg7 5. e5 dxe5 6. dxe5 Qxd1+ 7. Kxd1 Ng4 8. Ke1 c6 9. Nf3 0-0 10. Bd3 Nd7 11. Ne4 Nb6 12. Bd2 Nd5 13. h3 Nge3 14. Kf2 Nf5 15. g4 Nh6 16. Ng3 f6 17. exf6 exf6 18. Rhe1 f5 19. g5 Nf7 20. Ne5 Nxe5 21. fxe5 Be6 22. Rad1 Rae8 23. c4 Nb6 24. Bb4 Rf7 25. b3 f4 26. Ne4 Bxe5 27. Bf1 Nd7 28. Bd6 Bxd6 29. Nxd6 Ree7 30. Nxf7 Kxf7 31. Rd6 Bf5 32. Rxe7+ Kxe7 33. Rd2 Nc5 34. Kf3 Ne6 35. h4 c5 36. Bd3 Bxd3 37. Rxd3 a6 38. Ke4 b5 39. cxb5 axb5 40. Rd2 b4 41. Rd5 Ke8 42. Rd6 Ke7 43. Rb6 f3 44. Kxf3 Nd4+ 45. Ke4 Nf5 46. Rb7+ Kd6 47. Rxh7 Ke6 48. Kf4 Kd5 49. h5 1-0